|
|
|
|
| LEADER |
00000ny a22000003n 4500 |
| 005 |
20110615144824.0 |
| 008 |
090113s2008 sp 001 0 spa c |
| 017 |
|
|
|a D.L.M.46220-2008
|
| 020 |
|
|
|a 9788498493283
|
| 035 |
|
|
|a 2735
|
| 040 |
|
|
|a SpMaUCBES
|d vLex
|
| 090 |
|
|
|c 730
|d 730
|
| 100 |
1 |
|
|a Sǹchez Barrueco, Mara̕ Luisa.
|
| 245 |
1 |
3 |
|a El Tribunal de Cuentas Europeo
|h [Recurso electrn̤ico]
|b la superacin̤ de sus limitaciones mediante la colaboracin̤ institucional /
|c Mara̕ Luisa Sǹchez Barrueco.
|
| 256 |
|
|
|a Servicio en ln̕ea
|
| 260 |
|
|
|a Madrid :
|b Dykinson,
|c D.L. 2008.
|
| 300 |
|
|
|a 329 p. ;
|c 24 cm
|
| 504 |
|
|
|a Bibliografa̕: p. 309-329.
|
| 506 |
1 |
|
|a Contenido solo disponible en los productos indicados
|d vLex Global
|d vLex Global (Academic Edition, excluding Law Schools)
|d vLex Global (U.S. Academic Edition, Law Schools)
|d vLex Global (U.S. Academic Edition, excluding Law Schools)
|d vLex Global (Academic Edition, Law Schools)
|
| 650 |
0 |
4 |
|a Tribunal de Cuentas de la Comunidad Econm̤ica Europea
|
| 740 |
0 |
|
|a vLex Libros (Servicios en ln̕ea)
|
| 856 |
4 |
0 |
|u http://vlex.com/source/2735
|z Acceso restringido
|
| 942 |
|
|
|c BOOK
|
| 999 |
0 |
4 |
|a Cooperation
|b Madrid
|
| 999 |
0 |
4 |
|a Institucin̤ comunitaria.
|
| 999 |
0 |
4 |
|a Tribunal de Cuentas CE.
|
| 999 |
0 |
4 |
|a Unin̤ Europea.
|